MARC

LEADER 00000nab a2200000 a 4500
001 vtls000565153
003 SK-MaSNL
005 20260304102147.0
008 250426c1993 xo 0 slo
015 |a SNBRA19rr/mm-uuuuu 
035 |a CL0565291 
035 |a (urnnbn)urn:nbn:sk:snk:ar-0062yw 
035 |a (uuid)46461bc9-c1d3-43c0-99b7-84b9ff6179eb 
035 |a urn:nbn:sk:snk-ab81wh 
040 |a SNKBUCL  |b slo  |c SNKBUCL  |e AACR2 
041 0 |a slo 
044 |a xo  |c SK 
080 |a 929(437.6)(03)  |2 1981 
080 |a 82:03  |2 1981 
100 1 |a Šimkovič, Alexander,  |d 1929-1999  |4 aut  |9 164375 
245 1 0 |a Heslá slovenských spisovateľov v SBS  |c Alexander Šimkovič 
650 0 7 |a Slovenský biografický slovník  |2 snkbucl  |9 935148 
650 0 7 |a slovenskí spisovatelia  |2 snkbucl  |9 1258 
650 0 7 |a biografické slovníky  |2 snkbucl  |9 376861 
650 0 7 |a biografické heslá  |2 snkbucl  |9 376862 
650 0 7 |a slovníkové heslá  |2 snkbucl  |9 1396023 
655 7 |a články zo zborníkov  |2 snkbucl  |9 166140 
773 0 |t Biografické štúdie 20  |d Martin : Matica slovenská, 1993  |g S. 38-42  |z 8070901101 
850 |a Slovenská národná knižnica 
852 |a Slovenská národná knižnica 
856 4 1 |u http://www.snk.sk/images/Edicna_cinnost/Zborniky/Biograficke_studie/20/bs_20_38_42.pdf 
954 |a odborná, vedecká literatúra pôvodná (slovenská)  |2 lita 
958 |a article9 
958 |a LX 
958 |a OND 
958 |a EUIPO 
992 |a RZB 
999 |c 2844250  |d 2846180